Los dilemas de la Metafísica Pura / (Record no. 126424)

MARC details
000 -LEADER
campo de control de longitud fija 00644nam a2200205 4500
001 - NÚMERO DE CONTROL
campo de control 126424
003 - IDENTIFICADOR DE NÚMERO DE CONTROL
campo de control ES-MaACL
005 - FECHA Y HORA DE LA ÚLTIMA TRANSACCIÓN
campo de control 20250701212931.0
007 - CAMPO FIJO DE DESCRIPCIÓN FÍSICA--INFORMACIÓN GENERAL
campo de control de longitud fija t|
008 - DATOS DE LONGITUD FIJA--INFORMACIÓN GENERAL
campo de control de longitud fija 070214s1944 ag r ||||1| spa d
100 1# - ENTRADA PRINCIPAL--NOMBRE DE PERSONA
Nombre de persona Renouvier, Charles.
9 (RLIN) 96235
245 14 - MENCIÓN DEL TÍTULO
Título Los dilemas de la Metafísica Pura /
Mención de responsabilidad, etc. Charles Renouvier ; traducción directa de José Ferrater Mora.
260 ## - PUBLICACIÓN, DISTRIBUCIÓN, ETC.
Lugar de publicación, distribución, etc. Buenos Aires :
Nombre del editor, distribuidor, etc. Losada,
Fecha de publicación, distribución, etc. 1944.
300 ## - DESCRIPCIÓN FÍSICA
Extensión 234 p. ;
Dimensiones 21 cm.
490 1# - MENCIÓN DE SERIE
Mención de serie Biblioteca filosófica
700 1# - ENTRADA AGREGADA--NOMBRE PERSONAL
Nombre de persona Ferrater Mora, José.
9 (RLIN) 50338
830 00 - PUNTO DE ACCESO ADICIONAL DE SERIE-TÍTULO UNIFORME
Título uniforme Biblioteca filosófica
9 (RLIN) 179275
852 ## - LOCALIZACIÓN
Ubicación ES-MaACL
Número de control de estantería E-1788
Sublocalización o colección R.22634
Holdings
Estatus retirado Estado de pérdida Estado de daño No para préstamo Biblioteca de origen Biblioteca actual Ubicación en estantería Fecha de adquisición Fuente de adquisición Total de préstamos Signatura topográfica completa Código de barras Visto por última vez Precio de reemplazo Tipo de ítem Koha
        Biblioteca del Ateneo de Madrid Biblioteca del Ateneo de Madrid Depósito 2 17/01/2008     E-1788 1131678 23/02/2023 23/02/2023 Libro impreso